Sons and lovers

Tallennettuna:
Bibliografiset tiedot
Päätekijä: Lawrence, D. H.
Aineistotyyppi: Kirja
Kieli:Undetermined
Julkaistu: London Pearson Education 1999
Aiheet:
Tagit: Lisää tagi
Ei tageja, Lisää ensimmäinen tagi!
Thư viện lưu trữ: Trung tâm Học liệu Trường Đại học Cần Thơ
LEADER 00546nam a2200205Ia 4500
001 CTU_103177
008 210402s9999 xx 000 0 und d
020 |c 5.59 
082 |a 823.912 
082 |b L419 
100 |a Lawrence, D. H. 
245 0 |a Sons and lovers 
245 0 |c D. H. Lawrence ; J. Y. K. Kerr retold 
260 |a London 
260 |b Pearson Education 
260 |c 1999 
650 |a England,English fictions 
650 |x Fictions 
904 |i Truc, Trong Hieu 
980 |a Trung tâm Học liệu Trường Đại học Cần Thơ